| 000 | 00559nam a2200181 a 4500 | ||
|---|---|---|---|
| 001 | 000026402 | ||
| 005 | 20200930030214.0 | ||
| 008 | 110316s1992 dr c 000 0 spa d | ||
| 020 | _a0917049632 | ||
| 040 |
_aDO-SdBNP _bspa _cBNPHU |
||
| 082 |
_axxx _bA334m |
||
| 100 | 1 |
_aAlbertini, J. A. _953442 |
|
| 245 | 1 | 0 |
_aMiami medical team : _btestimonio de humanidad / _cJ. A. Albertini. |
| 260 |
_aMiami : _bSaeta Ediciones, _c1992. |
||
| 300 |
_a264 p. : _bretrs. ; _c23 cm. |
||
| 500 | _aIncluye datos biográficos del autor en la contracubierta | ||
| 049 | _aBNPD | ||
| 999 |
_c25894 _d25894 |
||